|
|
|
|
| LEADER |
02072nam a2200313 a 4500 |
| 001 |
16187186 |
| 008 |
120527s2011 enk 000 0 eng d |
| 010 |
|
|
|a 2010926864
|
| 020 |
|
|
|a 9781412920056 (hbk.)
|
| 020 |
|
|
|a 1412920051 (hbk.)
|
| 020 |
|
|
|a 141292006X (pbk.)
|
| 020 |
|
|
|a 9781412920063 (pbk.)
|
| 040 |
|
|
|a UKM
|c UKM
|d YDXCP
|d BWX
|d MEU
|d STJ
|d TLE
|d DLC
|d BD-DhAAL
|
| 042 |
|
|
|a lccopycat
|
| 050 |
0 |
0 |
|a HQ503
|b .R56 2011
|
| 082 |
0 |
4 |
|a 306.85
|2 22
|
| 100 |
1 |
|
|a Ribbens McCarthy, Jane.
|
| 245 |
1 |
0 |
|a Key concepts in family studies /
|c by Jane Ribbens McCarthy, Rosalind Edwards.
|
| 260 |
|
|
|a London ;
|a New Delhi :
|b SAGE,
|c 2011.
|
| 300 |
|
|
|a 247 p. ;
|c 21 cm.
|
| 490 |
0 |
|
|a SAGE key concepts
|
| 504 |
|
|
|a Includes bibliographical references (p. 225-247).
|
| 541 |
|
|
|e 00025293
|
| 505 |
0 |
|
|a Attachment and loss -- Biology -- Care -- Child development -- Childhood/children -- Comparative approaches -- Conflict theories -- Coupledom : marriage/partnership/cohabitation -- Demography -- Division of labour -- Domestic violence and abuse -- Families of choice -- Family as discourse -- Family change and continuity -- Family effects -- Family forms -- Family law -- Family life cycle and life course -- Family policies -- Family practices -- Family systems -- Fatherhood/fathers/fathering -- Feminisms -- Functionalism -- Grandparents -- Home -- Household -- Individualization -- Intimacy -- Kinship -- Motherhood/mothers/mothering -- Negotiation -- New right -- Parenthood/parents/parenting -- Personal -- Phenomenological approaches -- Post-coupledom : separation/divorce/widowhood -- Power -- Problem families -- Public and private -- Rationalities -- Role theory -- Siblings -- Social division -- Socialization -- Transnational families.
|
| 650 |
|
0 |
|a Families.
|
| 700 |
1 |
|
|a Edwards, Rosalind.
|
| 852 |
1 |
|
|a Ayesha Abed Library
|c General shelf.
|
| 999 |
|
|
|c 12269
|d 12269
|
| 952 |
|
|
|0 0
|1 0
|2 ddc
|4 0
|6 306_850000000000000_RIB
|7 0
|9 20318
|a BRACUL
|b BRACUL
|c GEN
|d 2012-05-28
|e karim International
|g 2121.00
|l 2
|o 306.85 RIB
|p 3010025293
|r 2017-12-06
|s 2017-11-28
|t 1
|w 2012-05-28
|y BK
|